00978cam a2200277 a 4500001001000000003000900010005001700019007000300036008004100039020001500080040002500095082002200120100005500142245012500197260003300322300002100355534004500376590002800421650003100449650003500480700003300515910000700548942001400555952011600569999001500685000003991DO-SdBNP20220927095920.0ta951002s1996 sp 000 1 spa  a8488066341 aDO-SdBNPcBNPHUbspa 4a813.54bP366a2221 aPeck, M. Scottq(Morgan Scott),d1936-2005.91196110aAsí en el cielo como en la tierra :bla aventura más alla de esta vida /cM. Scott peck ; traductor, Nora Steinbrun. aMadrid :bNeo Person,c1996. a222 p. ;c21 cm. aTítulo original: In Heaven as on Earth aInventariado, 2022 / DG 4aNovela estadounidense9262 4aLiteratura estadounidense92631 aSteinbrun, Nora,etr.911962 aDG 2ddccLBS1 00102ddc51708PDaBNPHUbBNPHUcHDd2009-07-15oBNPHU PD 813.54 P366ap3991-10r2020-06-25w2020-06-25yLBS1 c3810d3810